Hệ sinh thái rừng ngập mặn vùng ven biển đồng bằng sông hồng : Đa dạng sinh học, sinh thái học, kinh tế - xã hội - quản lý và giáo dục
Sách là một công trình nghiên cứu về vi sinh vật và vai trò to lớn của chúng trong hệ sinh thái rừng ngập mặn ở Việt Nam.
Wedi'i Gadw mewn:
| Prif Awdur: | |
|---|---|
| Fformat: | Llyfr |
| Iaith: | Undetermined |
| Cyhoeddwyd: |
Hà Nội
Nông nghiệp
2004
|
| Pynciau: | |
| Tagiau: |
Ychwanegu Tag
Dim Tagiau, Byddwch y cyntaf i dagio'r cofnod hwn!
|
| Thư viện lưu trữ: | Trung tâm Học liệu Trường Đại học Cần Thơ |
|---|
| LEADER | 00931nam a2200205Ia 4500 | ||
|---|---|---|---|
| 001 | CTU_139017 | ||
| 008 | 210402s9999 xx 000 0 und d | ||
| 082 | |a 577.698 | ||
| 082 | |b H455 | ||
| 100 | |a Phan, Nguyên Hồng | ||
| 245 | 0 | |a Hệ sinh thái rừng ngập mặn vùng ven biển đồng bằng sông hồng : | |
| 245 | 0 | |b Đa dạng sinh học, sinh thái học, kinh tế - xã hội - quản lý và giáo dục | |
| 245 | 0 | |c Phan Nguyên Hồng | |
| 260 | |a Hà Nội | ||
| 260 | |b Nông nghiệp | ||
| 260 | |c 2004 | ||
| 520 | |a Sách là một công trình nghiên cứu về vi sinh vật và vai trò to lớn của chúng trong hệ sinh thái rừng ngập mặn ở Việt Nam. | ||
| 650 | |a Mangrove ecology,Sinh thái rừng ngập mặn | ||
| 904 | |i Trọng Hải | ||
| 980 | |a Trung tâm Học liệu Trường Đại học Cần Thơ | ||